Normalizácia metód štatistického riadenia kvality

Prehľad najdôležitejších informácií o medzinárodnej technickej komisii ISO/TC 69 a národnej komisii TK 71 a o ich produktoch. Prehľad štatistických noriem publikovaných v ISO/TC 69 a noriem prebratých do sústavy STN. Prezentácia rozpracovaných štatistických noriem ISO

Saved in:
Bibliographic Details
Main Author: Janiga, Ivan
Format: Book Chapter
Language:Slovak
Subjects:
Tags: Add Tag
No Tags, Be the first to tag this record!

MARC

LEADER 00000naa$a2200000$$$4500
001 0064185
005 20220715093809.0
041 0 |a slo 
044 |a SK 
245 1 0 |a Normalizácia metód štatistického riadenia kvality  |c Ivan Janiga 
520 |a Prehľad najdôležitejších informácií o medzinárodnej technickej komisii ISO/TC 69 a národnej komisii TK 71 a o ich produktoch. Prehľad štatistických noriem publikovaných v ISO/TC 69 a noriem prebratých do sústavy STN. Prezentácia rozpracovaných štatistických noriem ISO 
610 2 0 |a normy ISO 
610 2 0 |a normy kvality 
610 2 0 |a riadenie kvality 
610 2 0 |a normalizácia 
610 2 0 |a metódy štatistické 
100 1 |a Janiga, Ivan